[Event "Haifa"]
[Site "Haifa"]
[Date "1995.??.??"]
[Round "3"]
[White "Milov, Vadim"]
[Black "Svidler, Peter"]
[Result "1-0"]
[WhiteElo "2580"]
[BlackElo "2585"]
[Annotator "Ftacnik,L"]
[PlyCount "55"]
[EventDate "1995.01.??"]
[EventType "tourn"]
[EventRounds "11"]
[EventCountry "ISR"]
[EventCategory "14"]
[SourceTitle "CBM 046"]
[Source "ChessBase"]
[SourceDate "1995.06.01"]
[SourceVersion "1"]
[SourceVersionDate "1995.06.01"]
[SourceQuality "1"]

1. d4 Nf6 2. c4 g6 3. Nc3 d5 4. Nf3 Bg7 5. Qb3 dxc4 6. Qxc4 O-O 7. e4 a6 8. e5
b5 9. Qb3 Ng4 10. h3 Nh6 11. Bd3 $1 (11. Bxh6 Bxh6 12. a4 (12. Be2 c5 13. dxc5
Nc6 14. Rd1 Qa5 15. Nd4 Nxd4 16. Rxd4 Be6 17. Qb4 Qxb4 18. Rxb4 Rac8 19. a4
Rxc5 20. axb5 axb5 21. f4 Bc4 22. g3 Rd8 23. Bxc4 bxc4 24. Ke2 {Barbero,
G-Fogarasi,T/OST-chT9394 (10)/1994/0.5 (44)}) 12... c5 13. dxc5 (13. axb5 cxd4
14. Ne4 Be6 15. Qb4 Qd5 16. Bd3 axb5 17. Rxa8 Qxa8 18. O-O Nc6 19. Qc5 Rd8 20.
Bxb5 Bd5 21. Re1 Qb7 22. e6 fxe6 23. Nfg5 Rc8 24. Bxc6 {Kozul,Z-Jukic,B/Osijek
(08)/1993/0.5 (40)}) 13... Be6 14. Qb4 Nc6 15. Qh4 Kg7 16. Rd1 Qc7 17. axb5
axb5 18. Bxb5 Nxe5 19. Nd4 Qxc5 {Dydyshko,V-Tseitlin,Ma/St.Petersburg/1992/0.5
(20)}) (11. Bf4 c5 (11... Bb7 12. Be2 Nf5 13. Rd1 Nd7 14. O-O c5 15. dxc5 Qc8
16. c6 Bxc6 17. g4 Nc5 18. Qb4 Ne6 19. Bh2 a5 20. Qb3 Bxf3 21. Bxf3 Nfd4 22.
Qd5 Rb8 23. Bg2 b4 24. Nb1 {Portisch,L-Adorjan,A/Budapest/1970/0.5 (39)}) 12.
Rd1 cxd4 (12... Nc6 13. d5 (13. dxc5 Qa5 14. Qa3 Qxa3 15. bxa3 Be6 16. Be2 Rfd8
17. O-O Nf5 18. Bd3 Rac8 19. a4 Nfd4 20. axb5 Nxf3+ 21. gxf3 Bxe5 22. Ne2 axb5
23. Bxb5 Rxd1 24. Rxd1 {Georgadze,G-Pavlovic,M/Beograd/1992/}) 13... Nd4 14.
Nxd4 cxd4 15. Rxd4 Nf5 16. Re4 e6 17. d6 Bb7 18. Bd3 $1 Bxe4 {Horvath,Cs-Leko,
P/Budapest/1992/}) 13. Nxd4 Qa5 14. Bd3 (14. Qd5 Ra7 15. Nb3 Qc7 16. Qd2 {
Ivkov,B-Sax,Gy/Osijek/1978/0.5 (16)}) 14... b4 (14... Rd8 15. Be4 Ra7 16. O-O
Rad7 17. Bd5 e6 18. Nxe6 Rxd5 19. Nxd5 Bxe6 20. Ne7+ Kf8 21. Qe3 Nf5 22. Qc5
Nxe7 {Dizdar,G-Jukic,B/CRO-ch (09)/1995/1-0 (23)}) 15. Nd5 Bb7 16. Be4 Kh8 17.
O-O Nd7 18. Bf3 Nxe5 19. Bxe5 Bxe5 20. Nxe7 Bxf3 21. Nxf3 Bg7 22. Rd7 Qb6 23.
Rfd1 Qf6 24. Qxb4 {Titov,G-Akopian,V/URS-OT56 Uzhgorod/1988/0.5 (63)}) (11. Bg5
c5 12. dxc5 Nc6 13. Be2 Be6 14. Qc2 Qc7 15. Qe4 Rad8 16. O-O b4 17. Na4 Bd5 18.
Qf4 Nf5 19. Qc1 Ncd4 20. Nxd4 Nxd4 21. Bd1 Bxe5 22. Re1 {Horvath,J-Hoffmann,M/
Budapest/1992/0.5 (22)}) (11. g4 c5 12. dxc5 Nc6 13. Be3 Bb7 $2 14. Rd1 Qa5 $2
15. Rg1 Kh8 16. Be2 f5 17. exf6 exf6 18. Kf1 Rae8 {Marinelli,T-Horvath,Cs/
Makarska/1994/}) 11... Nf5 (11... Bb7 12. Be4 Bxe4 13. Nxe4 Nc6 $6 14. Bxh6 $1
Bxh6 15. Rd1 Na5 16. Qb4 Nc4 17. O-O c6 18. Rfe1 Nb6 $6 19. Qc5 $1 Rc8 20. e6
$1 f6 21. Re2 Bf4 22. g3 Bb8 23. Qa3 $1 Rc7 24. Qe3 $1 {Soffer,R-Shmuter,L/
Israel/1994/0-1 (44)}) 12. Be4 Ra7 (12... c6 13. Ne2 Ra7 14. Bf4 Be6 15. Qc2
Kh8 16. h4 Rd7 17. h5 Kg8 18. O-O-O c5 19. dxc5 Rxd1+ 20. Rxd1 Qa5 21. b3 Rc8
22. Kb1 b4 23. c6 Qc7 24. hxg6 $40 {Soffer,R-Fogarasi,T/Budapest FS JunGM (06)/
1994/1-0 (32)}) 13. g4 $1 Nh6 (13... Nxd4 $2 14. Nxd4 Qxd4 15. Be3 Qxe5 16.
Bxa7 $18) 14. Be3 c6 (14... Bb7 15. d5 Ra8 16. O-O-O $16) 15. O-O-O (15. d5
cxd5 16. Bxa7 dxe4 17. Nxe4 Bb7 $132) 15... Qa5 16. Kb1 Rc7 17. Bd2 $1 Rb7 (
17... c5 18. Nd5 $18) (17... b4 18. Na4 Rb7 19. Nc5 Rb5 20. a4 Rb6 21. Bg5 $16)
18. Ne2 Qb6 19. Bf4 {/\ Qe3+-} (19. Bb4 Be6 20. Qa3 Bd5 $132) 19... Kh8 20. Qe3
Ng8 21. h4 f5 (21... Bxg4 $5 22. Rdg1 f5 23. Bc2 Nd7 24. Ng5 $40) 22. gxf5 gxf5
(22... Bxf5 23. Bxf5 Rxf5 24. Ng5 {xe6}) 23. Bc2 e6 24. h5 h6 25. Nh4 Kh7 26.
Rhg1 Qd8 27. Qg3 Rbf7 28. Bd2 (28. Bd2 Qd7 29. Bb4 Re8 30. Bd6 $18) 1-0

[Event "EU-Cup 18th"]
[Site "Kallithea"]
[Date "2002.09.28"]
[Round "7.2"]
[White "Gershon, Alik"]
[Black "Kocsis, Levente"]
[Result "1-0"]
[WhiteElo "2556"]
[BlackElo "2392"]
[Annotator "Ftacnik,L"]
[PlyCount "51"]
[EventDate "2002.09.22"]
[EventType "team-swiss"]
[EventRounds "7"]
[EventCountry "GRE"]
[SourceTitle "CBM 092"]
[Source "ChessBase"]
[SourceDate "2003.02.06"]
[SourceVersion "1"]
[SourceVersionDate "2003.02.06"]
[SourceQuality "1"]
[WhiteTeam "Saba Hapoel"]
[BlackTeam "Liege"]
[WhiteTeamCountry "ISR"]
[BlackTeamCountry "BEL"]

1. d4 Nf6 2. c4 g6 3. Nc3 d5 4. Nf3 Bg7 5. Qb3 dxc4 6. Qxc4 O-O 7. e4 a6 8. e5
Nfd7 9. Qb3 Nb6 10. Be3 Be6 11. Qc2 Nc6 12. a3 f6 $6 {[%mdl 4] The opening
line should not be especially difficult for black, but he has to avoid sloppy
choices like this move.} (12... Nd5 $5 13. Nxd5 Bxd5 14. Rd1 Bxf3 15. gxf3 e6
16. h4 h5 17. Qe4 Ne7 18. Bg5 Qd7 19. Bh3 c6 20. O-O Kh7 21. Rd3 Bh6 22. f4
Bxg5 23. fxg5 Rad8 {0-1 Gershon,A-Karjakin,S/Moscow 2002/ (48)}) 13. O-O-O Na5
(13... fxe5 $2 14. d5 $1 Nxd5 15. Nxd5 Bxd5 16. Rxd5 Qxd5 17. Bc4 $18) 14. d5
$1 Bf5 (14... Nxd5 15. Nxd5 Bxd5 16. b4 c6 (16... Nb3+ 17. Kb2 b5 18. Rxd5 Qxd5
19. Qxb3 e6 20. Qxd5 exd5 21. exf6 Rxf6 22. Kb3 $16) 17. bxa5 Qxa5 18. Qc5 $16)
15. Ne4 (15. Bd3 fxe5 16. Bxf5 Rxf5 17. h4 $13) 15... fxe5 (15... Nxd5 16. b4
Nb3+ 17. Kb2 e6 18. Bd3 $16) 16. Nfg5 h6 (16... Nxd5 17. b4 h6 18. bxa5 hxg5
19. Rxd5 Qxd5 20. Bc4 e6 21. Bxd5 exd5 22. Qb3 Bxe4 23. f3 Bf5 24. Qxd5+ $16)
17. Ne6 Bxe6 (17... Qc8 18. Nxf8 Qxf8 19. b4 $18) 18. dxe6 {The knight on a5
and weak light squares easily put black's position in the critical category.}
Qe8 19. Nc5 Rf6 20. Bd3 Nc6 (20... Nd5 21. b4 Nc6 (21... Nxe3 22. fxe3 Nc6 23.
Nd7 Kh7 24. Nxf6+ exf6 25. g4 $1 (25. h4 f5 26. h5 e4 $14) 25... Ne7 26. h4 $16
) 22. Nd7 Rxe6 23. Bc4 Qxd7 24. Rxd5 Qc8 25. Rd7 Qxd7 26. Qxg6 Kh8 27. Bxe6 $16
) 21. Be4 Nd8 (21... Nd4 22. Bxd4 exd4 23. Rxd4 Rf5 (23... c6 24. Rb4 Nc8 25.
Nxb7 Rxe6 26. Qb3 $18) 24. Rb4 a5 25. Rb3 a4 26. Rg3 $18) (21... Rc8 22. h4 Nd4
23. Bxd4 exd4 24. Rxd4 $16) 22. f4 $1 {Excellent opening up of the position in
the moment, when white is much better prepared for the confrontation.} exf4 (
22... Nxe6 23. fxe5 Nxc5 24. exf6 Nxe4 25. fxg7 Qa4 26. Qxa4 Nxa4 27. Bxh6 Kh7
28. Rhf1 Nb6 29. Rf8 Nf6 30. Rf1 Kxh6 31. R1xf6 Kxg7 32. R6f7+ Kh6 33. Rxa8
Nxa8 34. Rxe7 $18) 23. Bd4 Rxe6 (23... Qb5 24. Bxg6 (24. Bxf6 Bxf6 25. b3 Qa5
26. a4 Qb4 $13) 24... Nxe6 25. Bh7+ (25. Bxf6 Qxc5 26. Qxc5 Nxc5 27. Bxe7 Nb3+
28. Kb1 Nc4 29. Rhe1 $16) 25... Kf8 26. Bxf6 Qxc5 27. Bxg7+ Kxg7 28. Rhe1 Qxc2+
29. Bxc2 Kf6 30. Re4 $16) 24. Nxe6 Nxe6 25. Bxb6 cxb6 26. Bd5 (26. Bd5 Qc8 27.
Rhe1 $18) 1-0

[Event "EU-Cup 18th"]
[Site "Kallithea"]
[Date "2002.09.25"]
[Round "4.1"]
[White "Bareev, Evgeny"]
[Black "Sutovsky, Emil"]
[Result "1/2-1/2"]
[WhiteElo "2726"]
[BlackElo "2658"]
[Annotator "Ftacnik,L"]
[PlyCount "83"]
[EventDate "2002.09.22"]
[EventType "team-swiss"]
[EventRounds "7"]
[EventCountry "GRE"]
[SourceTitle "CBM 092"]
[Source "ChessBase"]
[SourceDate "2003.02.06"]
[SourceVersion "1"]
[SourceVersionDate "2003.02.06"]
[SourceQuality "1"]
[WhiteTeam "Norilsk Nikel"]
[BlackTeam "Saba Hapoel"]
[WhiteTeamCountry "RUS"]
[BlackTeamCountry "ISR"]

1. d4 Nf6 2. c4 g6 3. Nc3 d5 4. Nf3 Bg7 5. Qb3 dxc4 6. Qxc4 O-O 7. e4 Na6 8.
Be2 c5 9. d5 e6 10. O-O exd5 11. exd5 Nb4 12. Rd1 b6 13. Qh4 Nc2 $1 (13...
Nfxd5 $2 14. Bg5 Qd7 15. Bc4 Bb7 16. a3 $18) (13... Nbxd5 14. Bc4 (14. Bg5 Nxc3
15. Rxd8 Nxe2+ 16. Kf1 Rxd8 17. Bxf6 Bxf6 18. Qxf6 Be6 $14) 14... Be6 15. Bh6
$1 b5 (15... Qd6 16. Nxd5 Bxd5 17. Ng5 $16) 16. Bxd5 Nxd5 17. Ng5 Bf6 18. Bxf8
Bxg5 19. Qe4 Qxf8 20. Nxd5 $14) 14. Rb1 Bf5 15. Bg5 (15. Bd3 Nd4 (15... Bxd3
16. Rxd3 Nb4 17. Rd1 Qd7 18. Bg5 Qf5 $13) 16. Bxf5 Nxf5 17. Qc4 Nd6 18. Qf1 Re8
{1/2-1/2 Tukmakov,V-Lalic,B/Makarska Tucepi 1995/ (18)}) 15... Nd4 16. Rbc1 (
16. Nxd4 cxd4 17. Ne4 (17. Rxd4 Bxb1 18. Nxb1 h6 19. Bxh6 Nxd5 20. Bg5 Qe8 21.
Re4 Qd7 $17) 17... Bxe4 18. Bxf6 Qxd5 19. Rxd4 Qxa2 20. Re1 Bxf6 21. Qxf6 Rae8
22. Rd7 Bd3 23. Rxd3 Rxe2 24. Red1 Qxb2 {0-1 Sarno,S-Horvath,J/Leibnitz 1990/ 
(40)}) 16... h6 $1 {[%mdl 4] Sutovsky works very hard on the opening theory
and often comes up with great ideas. In this critical position black is
actually trying to overtake the initiative.} 17. Bxh6 Nxd5 18. Bg5 (18. Qxd8
Rfxd8 19. Nxd4 (19. Bxg7 Nxc3 $1 20. Nxd4 Nxd1 21. Nxf5 gxf5 22. Bf6 Rd6 $19)
19... Nxc3 20. Rxc3 cxd4 (20... Bxd4 $5) 21. Bxg7 dxc3 22. Bxc3 Rxd1+ 23. Bxd1
Rd8 $17) 18... Nxc3 $1 19. Nxd4 (19. Bxd8 Ncxe2+ 20. Kf1 Nxf3 21. gxf3 Nxc1 22.
Be7 Nxa2 23. Bxf8 Bxf8 $17) 19... Qxd4 20. bxc3 (20. Rxd4 $2 Nxe2+ 21. Kf1 Nxd4
$19) 20... Qxh4 21. Bxh4 Bh6 22. Ra1 Bg7 23. Rac1 Bh6 24. Ra1 Rae8 $15 {
Black is slightly better but is is quite difficult to make any progress.} 25.
Bb5 Re4 26. Bg3 Bg7 27. Rac1 Be6 28. a3 $1 (28. a4 g5 $15) 28... Bh6 29. Rb1
Bg7 30. Rbc1 f5 (30... Bb3 $1 31. Rd6 (31. Rd7 Ba4 32. c4 Rxc4 $1 $19) 31...
Re6 (31... g5 32. f3 Re3 33. Bf2 Re7 34. Re1 $15) 32. Rd7 Rfe8 33. f4 $15) 31.
Rd6 Kf7 $2 (31... Bf7 $1 32. f3 Re3 33. Be1 Re6 $15) 32. Bc6 $1 Be5 {Trying to
limit the demage after innacuracy in the 31.move, even if it costs a pawn.} (
32... Re2 33. Kf1 Bh6 34. f4 (34. Rcd1 Bc4 35. Bd5+ Bxd5 36. Kxe2 Bc4+ 37. Kf3
Re8 $15) 34... Ra2 35. a4 $13) 33. Bxe4 Bxd6 34. Bxd6 Rd8 35. Bxf5 (35. Bxc5
bxc5 36. Bc6 Rd2 $44) 35... Bxf5 36. Bf4 Re8 37. f3 (37. Be3 Re4 $44) 37... Re2
38. Bb8 a5 39. Bc7 Rb2 40. Rd1 a4 41. Rd6 b5 42. Bb6 (42. Bb6 b4 43. cxb4 cxb4
44. axb4 a3 45. Bd4 Rxb4 $11) 1/2-1/2

[Event "CRO-ch"]
[Site "Slavonski Brod"]
[Date "1995.??.??"]
[Round "?"]
[White "Dizdar, Goran"]
[Black "Jukic, Branimir"]
[Result "1-0"]
[WhiteElo "2510"]
[BlackElo "2415"]
[Annotator "Ftacnik,L"]
[PlyCount "45"]
[EventDate "1995.02.??"]
[EventType "tourn"]
[EventRounds "13"]
[EventCountry "CRO"]
[EventCategory "10"]
[SourceTitle "CBM 048"]
[Source "ChessBase"]
[SourceDate "1995.10.01"]
[SourceVersion "1"]
[SourceVersionDate "1995.10.01"]
[SourceQuality "1"]

1. Nf3 {Kortschnoj} Nf6 2. c4 g6 3. d4 Bg7 4. Nc3 d5 5. Qb3 dxc4 6. Qxc4 O-O 7.
e4 a6 8. Qb3 b5 (8... c5 {Kortschnoj} 9. dxc5 Qa5 $10) 9. e5 Ng4 10. h3 Nh6 11.
Bf4 c5 12. Rd1 cxd4 (12... Qc7 13. Be2 Nf5 14. dxc5 Be6 15. Nd5 Qb7 16. g4 Nh6
17. O-O Kh8 18. Ng5 Nd7 19. Nxe6 fxe6 20. c6 Qxc6 21. Nxe7 $36 {Bass-Sion/
Sevilla op (3)/1989/0.5 (45)}) (12... Nc6 13. dxc5 (13. d5 Nd4 14. Nxd4 cxd4
15. Rxd4 Nf5 16. Re4 e6 17. d6 Bb7 18. Bd3 $1 Bxe4 19. Bxe4 $44 {Horvath,
Cs-Leko,P/Budapest/1992/1-0 (34)}) 13... Qa5 14. Qa3 Qxa3 15. bxa3 Be6 16. Be2
Rfd8 17. O-O Nf5 18. Bd3 Rac8 19. a4 Nfd4 20. axb5 Nxf3+ 21. gxf3 Bxe5 22. Ne2
axb5 $10 {Georgadze,G-Pavlovic,M/Belgrade IKO (07)/1992/0.5 (30)}) 13. Nxd4 Qa5
14. Bd3 (14. Qd5 Ra7 15. Nb3 Qc7 16. Qd2 {0.5/Ivkov,B-Sax,Gy/Osijek/1978/})
14... Rd8 (14... b4 15. Nd5 Bb7 16. Be4 Kh8 17. O-O Nd7 18. Bf3 Nxe5 19. Bxe5
Bxe5 20. Nxe7 Bxf3 21. Nxf3 Bg7 22. Rd7 Qb6 $132 {Titov,G-Akopian,V/URS-OT56
Uzhgorod/1988/0,5 (63)}) 15. Be4 Ra7 16. O-O {Special case when making a
castle brings a great relief.White has to get free hand for central activity
and the K on e1 would shatter all his dreams.} Rad7 17. Bd5 $5 (17. e6 Rxd4 18.
exf7+ Nxf7 19. Bxb8 Bxh3 $13) 17... e6 (17... Bb7 18. Bxb7 Rxd4 (18... Rxb7 19.
Bxh6 Bxh6 20. e6 f5 21. Nd5 $16) 19. Rxd4 Rxd4 20. Bxh6 Bxh6 21. e6 f5 22. Nd5
$14) (17... b4 {Kortschnoj} 18. e6 Rxd5 19. Nxd5 Rxd5 20. Nc6 Nxc6 21. Rxd5
Bxe6 22. Rxa5 Bxb3 23. Rc5 Ba4 24. b3 Bb5 25. Rfc1 $16) 18. Nxe6 $1 {[%csl Ra5]
For all the central cluster of pieces this combination is more about the
unfortunate position of the queen on a5.} Rxd5 (18... fxe6 19. Bxe6+ Kh8 20.
Bxd7 Nxd7 21. e6 Nf6 22. Qa3 Qb6 23. Be3 Qc7 24. Nxb5 $1 axb5 25. Qa7 Rxd1 26.
Qxc7 Rxf1+ 27. Kxf1 Bxe6 28. Bxh6 Bxh6 29. b3 $16) 19. Nxd5 (19. Nxd8 Rxd8 20.
Nd5 Nc6) 19... Bxe6 (19... fxe6 20. Bd2 b4 (20... Qa4 21. Ne7+ Kf7 22. Qxa4
bxa4 23. Bxh6 $18) 21. Bxb4 Qxd5 22. Rxd5 Rxd5 23. Rc1 $16) 20. Ne7+ Kf8 (20...
Kh8 21. Qc3 {[%csl Yd8,Ye8,Yf8,Yg8,Yh8] If you see such move it nearly always
means a problem with 8th rank.} b4 22. Qxb4 $1 (22. Qc5 Qxc5 23. Rxd8+ Bf8 24.
Bxh6 Nd7 25. Rd1 Qxe7 26. R1xd7 Bxd7 27. Rxf8+ Qxf8 28. Bxf8 $14) 22... Qc7 23.
Qc5 Qxc5 24. Rxd8+ Bf8 25. Bxh6 Nd7 26. Rd1 Qxe7 27. R1xd7 Bxd7 28. Rxf8+ Qxf8
29. Bxf8 $16) 21. Qe3 Nf5 $2 (21... Rxd1 22. Rxd1 Nd7 (22... Kxe7 23. Bg5+ f6
24. Bxh6 Bxh6 25. Qxh6 $18) 23. Nc6 Qc7 24. Qa3+ $16) (21... Kxe7 {Kortschnoj}
22. Bg5+ f6 23. exf6+ Bxf6 24. Rfe1 $40) 22. Qc5 $1 Nxe7 23. b4 (23. b4 Rc8 24.
bxa5 Rxc5 25. Rd8#) 1-0

[Event "Dortmund"]
[Site "Dortmund"]
[Date "1992.??.??"]
[Round "3"]
[White "Piket, Jeroen"]
[Black "Ivanchuk, Vassily"]
[Result "0-1"]
[WhiteElo "2615"]
[BlackElo "2720"]
[Annotator "Ftacnik,L"]
[PlyCount "92"]
[EventDate "1992.04.16"]
[EventType "tourn"]
[EventRounds "9"]
[EventCountry "GER"]
[EventCategory "17"]
[SourceTitle "CBM 029"]
[Source "ChessBase"]
[SourceDate "1992.08.01"]
[SourceVersion "1"]
[SourceVersionDate "1992.08.01"]
[SourceQuality "1"]

1. d4 Nf6 2. c4 g6 3. Nc3 d5 4. Nf3 Bg7 5. Qb3 dxc4 6. Qxc4 O-O 7. e4 a6 8. Be2
b5 9. Qb3 c5 10. dxc5 Bb7 11. O-O Nxe4 12. Nxe4 Bxe4 13. a4 {N} (13. Rd1 Qc7
14. Be3 (14. Ng5 Bf5 15. Be3 Nc6 16. Rd2 Ne5 17. Bd4 Nc4 18. Bxc4 bxc4 19. Qe3
Rac8 $15 {Morovic,I-Gulko,B/New York op/1988/}) 14... Nc6 15. a4 Rab8 16. axb5
axb5 17. Ra6 e6 18. Rb6 b4 19. Ng5 Bd5 20. Rxd5 exd5 21. Qxd5 Nd4 22. Bxd4 Rbd8
23. Rd6 Rxd6 24. cxd6 Qc1+ 25. Bf1 Bxd4 26. d7 $10 {Gulko,B-Ermolinsky/
Volgodonsk 1L/1981/}) 13... Nc6 14. Rd1 (14. axb5 axb5 15. Rxa8 Qxa8 16. Qxb5 (
16. Bxb5 Rb8 17. Bxc6 Bxc6 $17) 16... Rb8 17. Qc4 Na5 18. Qa2 Nb3 $36) 14...
Qa5 15. Bd2 b4 16. Be3 (16. Ng5 $6 Nd4 17. Qe3 Bb7 $17) 16... Qc7 17. Rd2 (17.
Ng5 Bf5 18. Bc4 e6 $15) 17... e6 18. Qc4 Bd5 19. Qh4 Qe7 $1 20. Qxe7 (20. Qh3
Rfc8 $15) 20... Nxe7 21. a5 Nf5 (21... Rfc8 22. Bd4 Bxd4 23. Rxd4 Nc6 24. Rd2
$13) 22. Bf4 Rfc8 23. g4 $8 (23. Rc1 Bf8 24. g4 Ng7 $17) 23... Ne7 (23... Nh6
24. h3 Rxc5 25. Bd6 Rc6 26. Bxb4 Rb8 27. Ba3 $15) 24. Ne5 $5 (24. Bd6 Nc6 25.
h3 Bf8 $15) 24... Nc6 (24... Rxc5 25. Nd7 $1 Rc6 (25... Rcc8 26. Nb6) 26. Nb8
Rc8 27. Nxa6 $14) 25. Nd7 (25. Nxc6 Rxc6 26. Be3 Bf8 27. Rc1 Rac8 $17) 25...
Nd4 26. Bd6 (26. Nb6 Rxc5 (26... Nb3 27. Nxc8 Rxc8 28. Rxd5 exd5 29. Ra4 $13)
27. Nxa8 Bxa8 $44) 26... Nb3 27. Rxd5 exd5 (27... Nxa1 28. Rd1 Bxb2 29. Nb6
$132) 28. Ra4 Ra7 29. Nb6 Rc6 30. Nxd5 Nxc5 31. Bxc5 (31. Ne7+ $2 Rxe7 32. Bxe7
Nxa4 $19) 31... Rxc5 32. Nxb4 Bxb2 33. Nxa6 (33. Bxa6 Bc3 $19) 33... Re5 34.
Bd3 Bc3 35. Kg2 Rxa5 36. Rc4 Ra3 (36... R5xa6 $2 37. Rc8+ $1 Kg7 38. Bxa6 $10)
37. Rc8+ Kg7 38. Nc7 Be5 39. Ne8+ Kh6 40. Be4 (40. h4 Rxd3 41. g5+ Kh5 42. Rc4
Bd4 $19) 40... R7a4 41. Bf3 Rf4 42. Be2 Ra2 43. Bf3 (43. Kf1 Bd4 44. f3 f5 45.
gxf5 Ra1+ 46. Kg2 Rg1+ 47. Kh3 Kg5 $19) 43... Bd4 44. Kg3 g5 45. Rc6+ f6 46.
Bd5 Rd2 {Ftacnik,L} (46... Bxf2+ 47. Kh3 Ra7 48. Nxf6 $132) 0-1

[Event "Corus"]
[Site "Wijk aan Zee"]
[Date "2001.01.28"]
[Round "13"]
[White "Topalov, Veselin"]
[Black "Leko, Peter"]
[Result "1/2-1/2"]
[WhiteElo "2718"]
[BlackElo "2745"]
[Annotator "Ftacnik,L"]
[PlyCount "51"]
[EventDate "2001.01.13"]
[EventType "tourn"]
[EventRounds "13"]
[EventCountry "NED"]
[EventCategory "19"]
[SourceTitle "CBM 081"]
[Source "ChessBase"]
[SourceDate "2001.03.20"]
[SourceVersion "1"]
[SourceVersionDate "2001.03.20"]
[SourceQuality "1"]

1. d4 Nf6 2. c4 g6 3. Nc3 d5 4. Nf3 Bg7 5. Qb3 dxc4 6. Qxc4 O-O 7. e4 a6 8. e5
b5 9. Qb3 Nfd7 10. h4 Nb6 11. h5 c5 12. hxg6 hxg6 13. dxc5 Be6 14. Qc2 Bf5 15.
Qb3 Be6 16. Qa3 Nc4 17. Bxc4 Bxc4 18. Bh6 Bxh6 19. Rd1 (19. Rxh6 Nc6 20. Rd1
Qb8 $16) 19... Qc7 20. Rxh6 Nc6 21. Nd5 Bxd5 22. Rxd5 Rfd8 23. Ng5 {White is
forcing a draw, since he does not believe in the chances to gain real
advantage.} (23. Qb3 e6 $2 (23... Rxd5 24. Qxd5 Rd8 25. Qe4 Qd7 26. Kf1 Qd1+
27. Ne1 Qd5 $11) 24. Rd6 Kg7 25. Ng5 Qa5+ 26. Kf1 Rxd6 27. Rh7+ Kg8 28. Rh8+
Kg7 29. Rh7+ Kg8 30. exd6 Qd2 31. Rh8+ Kg7 32. Rh7+ {1/2-1/2 Babula,V-Ftacnik,
L/CZE/1999/ (32)}) 23... Rxd5 24. Rh8+ (24. Qh3 Qxe5+ $19) 24... Kg7 (24...
Kxh8 25. Qh3+ Kg7 26. Qh7+ Kf8 27. Qxf7# (27. Qh8#)) 25. Rh7+ Kg8 26. Rh8+
1/2-1/2

[Event "Sarajevo Bosnia 29th"]
[Site "Sarajevo"]
[Date "1999.05.20"]
[Round "4"]
[White "Topalov, Veselin"]
[Black "Kasparov, Garry"]
[Result "1/2-1/2"]
[WhiteElo "2700"]
[BlackElo "2812"]
[Annotator "Ftacnik,L"]
[PlyCount "42"]
[EventDate "1999.05.17"]
[EventType "tourn"]
[EventRounds "9"]
[EventCountry "BIH"]
[EventCategory "19"]
[SourceTitle "CBM 071"]
[Source "ChessBase"]
[SourceDate "1999.08.01"]
[SourceVersion "1"]
[SourceVersionDate "1999.08.01"]
[SourceQuality "1"]

1. d4 Nf6 2. c4 g6 3. Nc3 d5 4. Nf3 Bg7 5. Qb3 dxc4 6. Qxc4 O-O 7. Bf4 Na6 8.
e4 c5 9. dxc5 Be6 10. Qb5 Bd7 11. Qxb7 Nxc5 12. Qb4 Ne6 13. Be5 a5 14. Qa3 Qb6
(14... Bc6 15. Bc4 Qc8 (15... Nxe4 16. Bxe6 fxe6 (16... Bxe5 17. Nxe4 Qb8 $1
$13 {Kengis,E-Certek,P/Bratislava/1990/ (17)}) 17. Nxe4 (17. Bxg7 Rxf3 $1 $13)
17... Bxe4 18. Bxg7 Kxg7 19. Ng5 Qd5 20. Qe3 $14) 16. O-O Bxe4 17. Bxe6 Qxe6
18. Nxe4 Nxe4 19. Bxg7 Kxg7 20. Rae1 Qd5 21. Qxe7 Rfe8 22. Qa3 Rad8 {1/2-1/2
Piket,J-Sokolov,I/Wijk aan Zee/1989/ (35)}) 15. Bc4 (15. Nd5 Nxd5 16. exd5 Ng5
(16... Nf4 $5 17. Bxf4 Bxb2 18. Rb1 Bc3+ 19. Qxc3 Qxb1+ 20. Qc1 Qxa2 21. Bc4
Qa4 {/\ Rfc8 ~/=}) 17. Bxg7 Nxf3+ 18. Qxf3 Kxg7 19. Qc3+ Kg8 20. Bc4 Bb5 21. b3
$8 Rfc8 22. O-O Bxc4 (22... a4 23. Qd3 Bxc4 24. bxc4) 23. bxc4 Rc5 {1-0
Yakovich,Y-Henao,R/Bayamo/1990/ (42)}) (15. h3 Bc6 (15... Nxe4 $2 16. Nxe4 Bxe5
17. Nxe5 Qd4 18. Nxd7 Qxe4+ 19. Be2 $18)) 15... Rfc8 {Kasparov is very strict
in opening preparation, he has to know secrets to many important lines. His
move improves on the older idea of 15...Rac8.} (15... Rac8 16. Bxe6 (16. Qb3
Qb4 17. Ba6 Ra8 18. Be2 Bc6 19. Bc4 Nc5 20. Qxb4 axb4 21. Nd5 Bxd5 22. exd5
Rfd8 23. Rd1 Nfd7 24. Bd4 Bxd4 25. Rxd4 Nb6 26. O-O Nxc4 27. Rxc4 Rxd5 28. Rxb4
Rxa2 29. Rb1 {1-0 Mohr,S-Smejkal,J/BL8990/1990/ (39)}) 16... Bxe6 17. O-O Qb4
18. Rfd1 Qxa3 19. bxa3 Rc5 20. Rab1 Ng4 21. Bxg7 Kxg7 22. Nd5 Rc2 23. Rd2 Rxd2
24. Nxd2 Rd8 {1/2-1/2 Eingorn,V-Lalic,B/Palma de Mallorca/ 1989/ (24)}) 16.
Bxf6 (16. Bd5 $5 Ng4 $1 17. Bg3 Rab8 18. Nd1 (18. h3 Qxb2 19. Qxb2 Rxb2 20.
hxg4 Bxc3+ 21. Kf1 Nc5 $17) 18... Bxb2 19. Nxb2 Qxb2 20. Qxb2 Rxb2 $15) 16...
Bxf6 17. Nd5 (17. Bd5 Rab8 18. e5 Bg7 $11) 17... Qb8 18. Nxf6+ (18. Nxe7+ $2
Bxe7 19. Qxe7 Rxc4 20. Qxd7 Rxe4+ 21. Kf1 Qxb2 $19) (18. e5 Rxc4 19. exf6 Re4+
20. Kd2 (20. Kd1 Ba4+ 21. b3 Qd8 $19) 20... Qa7 $1 21. Nxe7+ Kh8 $13) 18...
exf6 19. Bxe6 $6 {Topalov shows enormous respect for his opponent, against
other mortals he would certainly have tried 19.Bd5!?} (19. Bd5 $5 Ra7 (19...
Bc6 20. O-O Qb4 (20... Bxd5 21. exd5 Nf4 22. d6 Rc2 23. d7 Qxb2 24. Qe7 $18)
21. Qxb4 axb4 22. Rfc1 $16) 20. O-O Nf4 21. Rfd1 $16) 19... Bxe6 20. O-O Qb4
21. Qxb4 axb4 (21... axb4 22. a3 bxa3 23. bxa3 Rc3 24. a4 Rc4 $11) 1/2-1/2

[Event "Asia-ch"]
[Site "Kolkata"]
[Date "2001.08.15"]
[Round "9"]
[White "Kazhgaleyev, Murtas"]
[Black "Konguvel, Ponnuswamy"]
[Result "1-0"]
[WhiteElo "2585"]
[BlackElo "2371"]
[Annotator "Ftacnik,L"]
[PlyCount "43"]
[EventDate "2001.08.09"]
[EventType "swiss"]
[EventRounds "11"]
[EventCountry "IND"]
[SourceTitle "CBM 085"]
[Source "ChessBase"]
[SourceDate "2001.11.13"]
[SourceVersion "1"]
[SourceVersionDate "2001.11.13"]
[SourceQuality "1"]

1. c4 Nf6 2. d4 g6 3. Nc3 d5 4. Nf3 Bg7 5. Qb3 dxc4 6. Qxc4 O-O 7. e4 a6 8. Be2
b5 9. Qb3 c5 10. dxc5 Bb7 11. O-O Nxe4 12. Nxe4 Bxe4 13. Bf4 $5 {[%mdl 8] Very
interesting novelty taking the diagonal b8-h2 under control instead of the
pressure against the e7 pawn with the standard 13.Bg5.} Nc6 14. Rad1 Qa5 $2 (
14... Qc8 15. Qe3 Qf5 16. Bh6 $14) 15. Ng5 $1 Bf5 (15... Nd4 16. Rxd4 Bxg2 17.
Bd2 Qc7 18. Rf4 Bxf1 19. Rxf7 $18) 16. Bf3 Rac8 17. g4 h6 $6 (17... Nd4 $142
18. Rxd4 Bxd4 19. gxf5 Rxc5 20. Bd5 Rxd5 21. Qxd5 Bxb2 22. fxg6 hxg6 23. Qb3
$16) 18. Nxf7 $1 {The point of the whole concept, black is lost due to
weakness of the a2-g8 diagonal.} (18. gxf5 hxg5 19. Bd2 Qc7 20. fxg6 Nd4 21.
Qe3 $14) 18... Rxf7 (18... Bc2 19. Qxc2 Kxf7 20. Bd5+ e6 21. Bxe6+ Kxe6 22.
Qxg6+ $18) 19. gxf5 Kf8 (19... g5 20. Bd5 $18) 20. Qe6 Re8 21. Bxc6 Rf6 22. Qd7
1-0